000 00494nam a22001937a 4500
003 MPLRDC
005 20220104142353.0
008 210129b ||||| |||| 00| 0 eng d
020 _a962-388-055-3
082 _a415.14 WFL v.9
100 _a王方凌编著
245 _a神经痛治疗与护理
_c
250 _a初版
260 _a
_b星辉图书有限公司
_c1991
300 _b
490 _a星辉医疗保健系列
650 _a症状--神经痛
942 _cBK
_o415.14 WFL v.9
999 _c30307
_d30297